[Event "USCL Week 9"]
[Site "Internet Chess Club"]
[Date "2014.10.21"]
[Round "?"]
[White "Casella, Michael"]
[Black "Proleiko, Julian"]
[Result "1/2-1/2"]
[WhiteElo "2262"]
[BlackElo "1954"]
[PlyCount "100"]
[EventDate "2014.??.??"]

1. c4 c5 2. g3 Nf6 3. Bg2 g6 4. Nc3 Bg7 5. Nf3 O-O 6. d4 cxd4 7. Nxd4 Nc6 8.
O-O Nxd4 9. Qxd4 d6 10. Qd3 Qa5 11. Bd2 Qh5 12. f3 Be6 13. e4 Qc5+ 14. Be3 Qxc4
15. Qd2 Qc8 16. Rac1 Qd7 17. Bg5 b5 18. f4 b4 19. Bxf6 Bxf6 20. Nd5 Bxd5 21.
exd5 a5 22. Rc6 Qa7+ 23. Kh1 Qd4 24. Qxd4 Bxd4 25. Re1 Bxb2 26. Rxe7 a4 27. Bf1
b3 28. Bc4 Bf6 29. Rb7 Rfb8 30. Rcb6 Rxb7 31. Rxb7 Rc8 32. axb3 Bd4 33. Rb4
axb3 34. Bxb3 Bc5 35. Rb7 Kg7 36. Kg2 Ra8 37. g4 Ra7 38. Rb8 Re7 39. Bd1 Re4
40. Kg3 Re1 41. Bf3 Rg1+ 42. Bg2 h6 43. h4 Rd1 44. Rd8 Rd3+ 45. Bf3 Rd2 46. Rd7
Bf2+ 47. Kh3 Be3 48. Kg3 Bf2+ 49. Kh3 Be3 50. Kg3 Bf2+ 1/2-1/2

[Event "USCL Week 9"]
[Site "Internet Chess Club"]
[Date "2014.10.21"]
[Round "?"]
[White "Mateer, Amanda"]
[Black "Gershenov, Ben"]
[Result "1/2-1/2"]
[WhiteElo "2113"]
[BlackElo "2210"]
[PlyCount "97"]
[EventDate "2014.??.??"]

1. d4 Nf6 2. c4 g6 3. Nc3 Bg7 4. e4 d6 5. Nf3 O-O 6. Be2 e5 7. O-O Nc6 8. Be3
Ng4 9. Bg5 f6 10. Bc1 exd4 11. Nxd4 Nxd4 12. Qxd4 Be6 13. Qd1 Qd7 14. c5 dxc5
15. Qxd7 Bxd7 16. Rd1 Be6 17. Nd5 Bxd5 18. Rxd5 f5 19. h3 Nf6 20. Rxc5 Nxe4 21.
Rxc7 b6 22. Be3 f4 23. Bc1 Rae8 24. Bc4+ Kh8 25. Bf7 Re5 26. Rxa7 g5 27. Bb3
Rd8 28. h4 h6 29. hxg5 hxg5 30. Bc2 Rc8 31. Bxe4 Rxe4 32. Bd2 Bxb2 33. Rb1 Bd4
34. Kf1 Rc2 35. f3 Re8 36. Rd1 Rd8 37. Be1 Rd6 38. g4 Rh6 39. Rd2 Rh1+ 40. Ke2
Rxe1+ 41. Kxe1 Bc3 42. Rad7 Rxa2 43. Rd8+ Kg7 44. R8d7+ Kf8 45. Rd8+ Ke7 46.
R8d7+ Ke8 47. Rd8+ Ke7 48. R8d7+ Ke8 49. Rd8+ 1/2-1/2

[Event "USCL Week 9"]
[Site "Internet Chess Club"]
[Date "2014.10.21"]
[Round "?"]
[White "Finegold, Spencer"]
[Black "Mousseri, Daniel"]
[Result "1-0"]
[WhiteElo "2187"]
[BlackElo "2270"]
[PlyCount "81"]
[EventDate "2014.??.??"]

1. e4 c5 2. Nf3 d6 3. Bb5+ Nd7 4. O-O a6 5. Bd3 Ngf6 6. Re1 g6 7. c3 Bg7 8. Bc2
O-O 9. d4 cxd4 10. cxd4 e6 11. Nc3 b5 12. h3 Bb7 13. Bf4 Nb6 14. e5 dxe5 15.
dxe5 Nfd5 16. Bg5 Qc7 17. Ne4 Nc4 18. Nf6+ Kh8 19. Rc1 Rad8 20. Qe2 Qb8 21. Ng4
Rd7 22. b3 Nc3 23. Qf1 Nb6 24. Nf6 Rc7 25. Qd3 Rd8 26. Qe3 Nbd5 27. Nxd5 Nxd5
28. Qd4 Rdc8 29. Be4 Rxc1 30. Rxc1 Rxc1+ 31. Bxc1 Nc3 32. Qxc3 Bxe4 33. Ng5 Bd5
34. Nxf7+ Kg8 35. Nh6+ Kh8 36. Nf7+ Kg8 37. Nh6+ Kf8 38. Qb4+ Ke8 39. Bg5 Qb7
40. Qd6 Bf8 41. Qd8# 1-0

[Event "USCL Week 9"]
[Site "Internet Chess Club"]
[Date "2014.10.21"]
[Round "?"]
[White "Katz, Alexander"]
[Black "Koons, Nat"]
[Result "0-1"]
[WhiteElo "2380"]
[BlackElo "2293"]
[PlyCount "92"]
[EventDate "2014.??.??"]

1. e4 c6 2. d4 d5 3. e5 Bf5 4. h4 h5 5. Bg5 Qb6 6. Bd3 Qxd4 7. Nf3 Qg4 8. O-O
e6 9. Bxf5 Qxf5 10. c4 Ne7 11. cxd5 Nxd5 12. Nc3 Bc5 13. Qb3 b6 14. Nxd5 exd5
15. Qc3 a5 16. a3 a4 17. Nd4 Qg4 18. Rad1 O-O 19. Rfe1 Ra7 20. Rd3 Bxd4 21.
Rxd4 Qe6 22. Rd3 Nd7 23. Rg3 Re8 24. Rge3 c5 25. Qc2 d4 26. Re4 Qf5 27. Qe2
Rxe5 28. Rxe5 Nxe5 29. Qxe5 Qxe5 30. Rxe5 f6 31. Re6 fxg5 32. hxg5 b5 33. Kf1
Kf7 34. Rc6 c4 35. g6+ Ke7 36. Rc5 Rb7 37. Rxh5 b4 38. Rh4 c3 39. Re4+ Kf6 40.
bxc3 b3 41. Rf4+ Kxg6 42. Rg4+ Kf5 43. Rxd4 b2 44. g4+ Kg6 45. Rd6+ Kf7 46.
Rd7+ Rxd7 0-1

[Event "USCL Week 9"]
[Site "Internet Chess Club"]
[Date "2014.10.21"]
[Round "?"]
[White "Ginsburg, Mark"]
[Black "Ostrovskiy, Aleksandr"]
[Result "0-1"]
[WhiteElo "2397"]
[BlackElo "2486"]
[PlyCount "108"]
[EventDate "2014.??.??"]

1. d4 d5 2. c4 c6 3. Nf3 Nf6 4. Qc2 dxc4 5. Qxc4 Bg4 6. Nc3 Nbd7 7. Bf4 Nb6 8.
Qd3 Bxf3 9. gxf3 Nfd5 10. Nxd5 Nxd5 11. Bd2 e6 12. Qb3 Qc7 13. O-O-O O-O-O 14.
Kb1 Be7 15. e3 g5 16. Bd3 h5 17. h3 Kb8 18. Rc1 Qb6 19. Qa4 Bb4 20. Bxb4 Qxb4
21. Qxb4 Nxb4 22. Be2 Nd5 23. Rcg1 Rdg8 24. Rg2 f6 25. Bc4 Kc7 26. Kc1 Kd6 27.
Kd2 a6 28. Bb3 Ke7 29. Rhg1 Kf7 30. Bxd5 cxd5 31. e4 h4 32. exd5 exd5 33. f4
Rh5 34. Rg4 Ke6 35. fxg5 Rgxg5 36. Ke3 Rxg4 37. hxg4 Rh7 38. Kf4 Rc7 39. Re1+
Kf7 40. Re2 Kg6 41. f3 Rc4 42. Rd2 a5 43. b3 Rb4 44. Rd3 a4 45. bxa4 Rxa4 46.
a3 b6 47. Rb3 Rxd4+ 48. Ke3 Ra4 49. Rxb6 Rxa3+ 50. Kf2 Ra2+ 51. Ke3 h3 52. Kf4
h2 53. Rb1 Rg2 54. Rh1 d4 0-1

[Event "USCL Week 9"]
[Site "Internet Chess Club"]
[Date "2014.10.21"]
[Round "?"]
[White "Rozman, Levy"]
[Black "Atoufi, Pedram"]
[Result "1-0"]
[WhiteElo "2382"]
[BlackElo "2355"]
[PlyCount "117"]
[EventDate "2014.??.??"]

1. d4 Nf6 2. Bg5 Ne4 3. Bf4 d6 4. f3 Nf6 5. e4 Nbd7 6. Nc3 e5 7. Be3 c6 8. Nge2
Be7 9. Ng3 O-O 10. Be2 d5 11. exd5 cxd5 12. Qd2 Bb4 13. O-O Qa5 14. Rad1 Re8
15. dxe5 Nxe5 16. Bd4 Bd7 17. a3 Bc5 18. Nxd5 Bxd4+ 19. Qxd4 Nxd5 20. Qxd5 Qc7
21. Qd6 Qxd6 22. Rxd6 Be6 23. f4 Nc6 24. f5 Bc8 25. Bb5 a6 26. Bxc6 bxc6 27.
Rxc6 a5 28. b3 a4 29. b4 Kf8 30. Rd1 Ra7 31. c4 Bd7 32. Rcd6 Ke7 33. c5 Rc8 34.
R1d5 Bc6 35. f6+ gxf6 36. Nf5+ Ke8 37. Rd2 Bd7 38. Re2+ Kf8 39. Re7 Rcc7 40.
Rxf6 Be8 41. Re3 Rd7 42. Nd6 Re7 43. Rff3 Rac7 44. Kf2 Bc6 45. Rh3 f6 46. Rxe7
Rxe7 47. Rh6 Rg7 48. g3 Rg5 49. Rxf6+ Ke7 50. Rf5 Rg8 51. b5 Bd7 52. Re5+ Kd8
53. c6 Rf8+ 54. Ke3 Bc8 55. b6 Ba6 56. Ra5 Ke7 57. Nf5+ Kf6 58. Rxa6 Kxf5 59.
b7 1-0

[Event "USCL Week 9"]
[Site "Internet Chess Club"]
[Date "2014.10.22"]
[Round "?"]
[White "Williams, Chris"]
[Black "Barnett, Alex"]
[Result "1-0"]
[WhiteElo "2310"]
[BlackElo "2330"]
[PlyCount "71"]
[EventDate "2014.??.??"]

1. e4 c5 2. Nf3 e6 3. d4 cxd4 4. Nxd4 a6 5. Nc3 b5 6. g3 Bb7 7. Bg2 Bc5 8. O-O
Nc6 9. Nb3 Be7 10. e5 Qc7 11. Re1 O-O-O 12. a4 b4 13. Nb5 axb5 14. axb5 Nh6 15.
Bxh6 gxh6 16. bxc6 dxc6 17. Qf3 Rhf8 18. Ra7 Qb6 19. Rea1 Kb8 20. Rxb7+ Kxb7
21. Na5+ Kc7 22. Nxc6 Ra8 23. Rxa8 Rxa8 24. h4 Ra1+ 25. Kh2 Qc5 26. Qxf7 Kd7
27. c3 b3 28. Nd4 Ra6 29. f4 Ra2 30. Qxe6+ Ke8 31. Bc6+ Kf8 32. Qc8+ Kf7 33.
Be8+ Kg8 34. Bc6+ Bf8 35. Qe6+ Kh8 36. Bd5 1-0

[Event "USCL Week 9"]
[Site "Internet Chess Club"]
[Date "2014.10.22"]
[Round "?"]
[White "Chumachenko, Andrey"]
[Black "Bartell, Tom"]
[Result "0-1"]
[WhiteElo "2435"]
[BlackElo "2448"]
[PlyCount "106"]
[EventDate "2014.??.??"]

1. d4 Nf6 2. c4 e6 3. Nf3 Bb4+ 4. Bd2 Qe7 5. g3 Nc6 6. Nc3 O-O 7. Bg2 d6 8. O-O
Bxc3 9. Bxc3 Ne4 10. Rc1 e5 11. c5 Nxc3 12. Rxc3 e4 13. cxd6 cxd6 14. Nd2 d5
15. Qa4 Bd7 16. Rfc1 Rfd8 17. e3 h5 18. Qa3 Qf6 19. Nb3 b6 20. h4 a5 21. Nd2
Nb4 22. Qb3 Bg4 23. Bf1 Rd6 24. a3 Nc6 25. Qb5 Ne7 26. Bg2 Qe6 27. Qf1 Nf5 28.
Kh2 g6 29. Bh3 Kg7 30. Rc7 Rh8 31. Rb7 Rc6 32. Rc7 Rxc7 33. Rxc7 Bxh3 34. Qxh3
Rc8 35. Rxc8 Qxc8 36. g4 hxg4 37. Qxg4 Qc2 38. Qe2 Nxh4 39. Qg4 Nf3+ 40. Nxf3
Qxf2+ 41. Qg2 Qxg2+ 42. Kxg2 exf3+ 43. Kxf3 f5 44. Kg3 g5 45. b4 axb4 46. axb4
b5 47. Kg2 Kg6 48. Kf3 g4+ 49. Kf4 Kf6 50. e4 dxe4 51. d5 g3 52. d6 Ke6 53. d7
Kxd7 0-1

[Event "USCL Week 9"]
[Site "Internet Chess Club"]
[Date "2014.10.22"]
[Round "?"]
[White "Francisco, Richard"]
[Black "Guerrero, Alejandra"]
[Result "1-0"]
[WhiteElo "2382"]
[BlackElo "2110"]
[PlyCount "61"]
[EventDate "2014.??.??"]

1. e4 e6 2. d4 d5 3. e5 c5 4. c3 Nc6 5. Nf3 Bd7 6. Be2 f6 7. O-O fxe5 8. dxe5
Qc7 9. Re1 g6 10. Na3 a6 11. Bf4 Bg7 12. Qd2 Nge7 13. Bd3 O-O 14. Rad1 b5 15.
Bb1 Rad8 16. h4 d4 17. cxd4 cxd4 18. Bg5 Bc8 19. Rc1 Bb7 20. Be4 Rc8 21. Nxd4
Qxe5 22. Nxc6 Nxc6 23. Bxc6 Qxb2 24. Qxb2 Bxb2 25. Bxb7 Rb8 26. Rc7 Bxa3 27.
Rxe6 Rf7 28. Rxf7 Kxf7 29. Bd5 Kg7 30. Rxa6 Bc5 31. Rc6 1-0

[Event "USCL Week 9"]
[Site "Internet Chess Club"]
[Date "2014.10.22"]
[Round "?"]
[White "Chase, Christopher"]
[Black "Chandran, Kapil"]
[Result "0-1"]
[WhiteElo "2411"]
[BlackElo "2365"]
[PlyCount "62"]
[EventDate "2014.??.??"]

1. e4 c5 2. Nf3 e6 3. d3 Nc6 4. g3 g6 5. Bg2 Bg7 6. O-O Nge7 7. c3 O-O 8. d4
cxd4 9. cxd4 d5 10. e5 f6 11. exf6 Bxf6 12. Na3 Nf5 13. Nc2 Qb6 14. Rb1 Nfxd4
15. Nfxd4 Bxd4 16. Nxd4 Qxd4 17. Qe1 Qf6 18. b4 Ne5 19. Bb2 Nd3 20. Bxf6 Nxe1
21. Be7 Nf3+ 22. Bxf3 Rxf3 23. Rfc1 e5 24. Rc7 Rf7 25. Rbc1 Bg4 26. Rxb7 d4 27.
Rbc7 h6 28. Kf1 d3 29. Ke1 Re8 30. h3 Bxh3 31. Bd6 Rd8 0-1

[Event "USCL Week 9"]
[Site "Internet Chess Club"]
[Date "2014.10.22"]
[Round "?"]
[White "Stukopin, Andrey"]
[Black "Gulamali, Kazim"]
[Result "1-0"]
[WhiteElo "2631"]
[BlackElo "2397"]
[PlyCount "91"]
[EventDate "2014.??.??"]

1. e4 e5 2. Nf3 Nc6 3. Bc4 Nf6 4. d3 Be7 5. Nc3 d6 6. a4 O-O 7. a5 Bg4 8. h3
Bxf3 9. Qxf3 Nd4 10. Qd1 c6 11. a6 b5 12. Ba2 Nd7 13. O-O Nc5 14. Ne2 Nxe2+ 15.
Qxe2 Bf6 16. Be3 Ne6 17. c3 Qd7 18. Rfd1 c5 19. Bd5 Rac8 20. Qg4 Rfd8 21. g3
Rb8 22. h4 Be7 23. Bb7 Qe8 24. h5 Bf6 25. b4 Qe7 26. Rab1 Qc7 27. Qf5 cxb4 28.
cxb4 Nd4 29. Bxd4 exd4 30. Qxb5 d5 31. Qc5 Rxb7 32. axb7 Qxb7 33. b5 dxe4 34.
Qc6 Qb8 35. Qxe4 Re8 36. Qf3 h6 37. Re1 Rc8 38. Qf5 Qb7 39. Rbc1 Rf8 40. Rc6
Bd8 41. Re4 Bb6 42. Kh2 Rd8 43. Rd6 Qc8 44. Rxd8+ Qxd8 45. Qe5 Kf8 46. Rg4 1-0

[Event "USCL Week 9"]
[Site "Internet Chess Club"]
[Date "2014.10.22"]
[Round "?"]
[White "Smith, Bryan"]
[Black "Korley, Kassa"]
[Result "0-1"]
[WhiteElo "2560"]
[BlackElo "2486"]
[PlyCount "74"]
[EventDate "2014.??.??"]

1. e4 d5 2. exd5 Qxd5 3. Nf3 Bg4 4. Be2 Nc6 5. O-O O-O-O 6. h3 Bh5 7. Nc3 Qd7
8. b4 Nf6 9. b5 Bxf3 10. Bxf3 Nd4 11. a4 Qf5 12. d3 Nxf3+ 13. Qxf3 Qxf3 14.
gxf3 Nd5 15. Nxd5 Rxd5 16. Be3 e6 17. Rfd1 Be7 18. c4 Rf5 19. Kg2 Rd8 20. d4
Bf6 21. Ra3 g5 22. Rad3 h5 23. d5 exd5 24. cxd5 Be5 25. a5 b6 26. a6 Bd6 27.
Rc1 Kd7 28. Rc4 Re8 29. Re4 Ree5 30. Rxe5 Bxe5 31. Bc1 Bd6 32. Be3 Bf4 33. Rd4
Kd6 34. Rc4 Rxd5 35. Rc6+ Kd7 36. Bxf4 gxf4 37. Rf6 Ke7 0-1

[Event "USCL Week 9"]
[Site "Internet Chess Club"]
[Date "2014.10.22"]
[Round "?"]
[White "Vaidya, Atulya"]
[Black "Salisbury, John"]
[Result "1-0"]
[WhiteElo "2165"]
[BlackElo "1998"]
[PlyCount "53"]
[EventDate "2014.??.??"]

1. d4 Nf6 2. c4 g6 3. Nc3 Bg7 4. e4 d6 5. Be2 O-O 6. Nf3 e5 7. Be3 Nc6 8. d5
Ne7 9. Nd2 Nd7 10. b4 f5 11. f3 f4 12. Bf2 g5 13. c5 Ng6 14. Nc4 Rf6 15. O-O
Nh4 16. Na5 Nf8 17. Rc1 Rh6 18. Qa4 Bh3 19. gxh3 Qc8 20. Bxh4 Qxh3 21. Rf2 Qxh4
22. Nxb7 Ng6 23. cxd6 g4 24. dxc7 g3 25. Rg2 Qh3 26. Nd8 Nf8 27. Bc4 1-0

[Event "USCL Week 9"]
[Site "Internet Chess Club"]
[Date "2014.10.22"]
[Round "?"]
[White "Costigan, Richard"]
[Black "Bozkurt, Ilker"]
[Result "1/2-1/2"]
[WhiteElo "2288"]
[BlackElo "2383"]
[PlyCount "128"]
[EventDate "2014.??.??"]

1. e4 c5 2. Nf3 d6 3. c3 Nf6 4. h3 Bd7 5. Bd3 Bc6 6. Qe2 Nbd7 7. Bc2 Rc8 8. d3
e5 9. O-O Be7 10. d4 b6 11. d5 Bb7 12. c4 O-O 13. Nc3 Kh8 14. g3 Ne8 15. Nd1
Rb8 16. Kg2 a6 17. Rh1 b5 18. b3 bxc4 19. bxc4 Bc8 20. Bd2 Ndf6 21. Ne3 Ng8 22.
Rab1 Rxb1 23. Rxb1 g6 24. h4 Ng7 25. Rh1 f5 26. exf5 gxf5 27. h5 Nh6 28. Nf1 f4
29. gxf4 exf4 30. Bc3 Bf6 31. Bxf6 Qxf6 32. N1d2 Bg4 33. Ne4 Qe7 34. Qd3 Ngf5
35. Qc3+ Qg7 36. Qxg7+ Kxg7 37. Nfg5 f3+ 38. Kh2 Nd4 39. Rg1 Kh8 40. Bd3 Bf5
41. Ne6 Nxe6 42. dxe6 Bxe6 43. Ng5 Bg8 44. Kg3 Nf5+ 45. Kxf3 d5 46. cxd5 Bxd5+
47. Ke2 h6 48. Ne4 Nd4+ 49. Kd1 c4 50. Bb1 Rb8 51. Nc3 Bf3+ 52. Kc1 Rg8 53.
Rxg8+ Kxg8 54. Bg6 Ne6 55. Be4 Bxh5 56. Bd5 Bf7 57. Bxc4 Nc5 58. Be2 Kg7 59.
Kd2 Kf6 60. Ke3 Ke5 61. f4+ Kd6 62. Ne4+ Nxe4 63. Kxe4 Bxa2 64. Bxa6 Be6
1/2-1/2

[Event "USCL Week 9"]
[Site "Internet Chess Club"]
[Date "2014.10.22"]
[Round "?"]
[White "Mo, Kevin"]
[Black "Bryant, Todd"]
[Result "1-0"]
[WhiteElo "2334"]
[BlackElo "2201"]
[PlyCount "117"]
[EventDate "2014.??.??"]

1. c4 Nf6 2. Nc3 g6 3. g3 Bg7 4. Bg2 O-O 5. d3 d6 6. Nf3 e5 7. O-O h6 8. Rb1
Nh5 9. b4 f5 10. Nd2 a6 11. c5 Nc6 12. cxd6 Qxd6 13. Nc4 Qd8 14. Na4 Qe8 15.
Na5 Nxa5 16. bxa5 Rb8 17. Qc2 Bd7 18. Nc5 Bc6 19. Qc4+ Qf7 20. Qxf7+ Kxf7 21.
Bxc6 bxc6 22. Bd2 Ra8 23. Rb7 Rfc8 24. Rc1 Bf8 25. Na4 Bd6 26. Rxc6 Ke6 27.
Bxh6 f4 28. e3 f3 29. Rc1 Rh8 30. Bg5 Kf5 31. h4 Rhb8 32. Rcb1 Rxb7 33. Rxb7
Ng7 34. e4+ Kg4 35. Nc3 Ne6 36. Be3 g5 37. hxg5 Nxg5 38. Bxg5 Kxg5 39. Nd5 Rd8
40. Rb3 c6 41. Ne3 Bc7 42. Nc4 Kg4 43. Rb7 Bd6 44. Rg7+ Kh3 45. Rg6 Bc5 46.
Nxe5 Rh8 47. Rxc6 Bd4 48. Nxf3 Ba7 49. Rxa6 Bc5 50. Rc6 Ba7 51. Kf1 Rf8 52. Ke2
Kg2 53. Ne1+ Kg1 54. f4 Rg8 55. Rc7 Bb8 56. Rb7 Bd6 57. e5 Bc5 58. d4 Ba3 59.
a6 1-0

[Event "USCL Week 9"]
[Site "Internet Chess Club"]
[Date "2014.10.22"]
[Round "?"]
[White "Kim, Yoon-Young"]
[Black "Yip, Carissa"]
[Result "1-0"]
[WhiteElo "2116"]
[BlackElo "2141"]
[PlyCount "113"]
[EventDate "2014.??.??"]

1. d4 Nf6 2. c4 g6 3. Nc3 Bg7 4. Nf3 d6 5. Bg5 O-O 6. e3 h6 7. Bh4 Nc6 8. Be2
Bd7 9. O-O g5 10. Bg3 Nh5 11. d5 Nxg3 12. hxg3 Ne5 13. Nd4 c5 14. Nc2 a6 15. f4
Ng6 16. Bd3 g4 17. e4 b5 18. Qe2 b4 19. Nd1 Qc7 20. Nce3 h5 21. Nf5 Bf6 22. Nf2
Kh7 23. Rae1 Rh8 24. e5 dxe5 25. fxe5 Qxe5 26. Qxe5 Nxe5 27. Nxe7+ Kg7 28. d6
h4 29. Bf5 hxg3 30. Ne4 Bxe7 31. dxe7 Bxf5 32. Rxf5 Nxc4 33. Rxc5 f5 34. Nxg3
Nd6 35. Nxf5+ Nxf5 36. Rxf5 Rhe8 37. Rg5+ Kf7 38. Rxg4 a5 39. Rf4+ Kg7 40. Re3
Ra6 41. Rg3+ Rg6 42. Rxg6+ Kxg6 43. Re4 Kf5 44. Re1 Kf4 45. Kf2 Kg4 46. g3 Kf5
47. Kf3 a4 48. b3 axb3 49. axb3 Kf6 50. Kf4 Kg6 51. g4 Kf6 52. g5+ Kf7 53. Kf5
Kg7 54. g6 Kg8 55. Kf6 Kh8 56. Rh1+ Kg8 57. g7 1-0

[Event "USCL Week 9"]
[Site "Internet Chess Club"]
[Date "2014.10.22"]
[Round "?"]
[White "Barbosa, Oliver"]
[Black "Winer, Steven"]
[Result "1-0"]
[WhiteElo "2579"]
[BlackElo "2419"]
[PlyCount "183"]
[EventDate "2014.??.??"]

1. d4 d5 2. Bg5 h6 3. Bh4 c6 4. Nf3 Qb6 5. Qc1 Bf5 6. e3 e6 7. c4 Be7 8. Bg3
Nf6 9. Nc3 Ne4 10. Nxe4 Bxe4 11. Nd2 Bh7 12. Be2 Nd7 13. O-O O-O 14. a3 c5 15.
b4 cxd4 16. c5 Nxc5 17. bxc5 Bxc5 18. exd4 Bxd4 19. Bc7 Qb2 20. Qxb2 Bxb2 21.
Ra2 Rfc8 22. Rxb2 Rxc7 23. f4 Rac8 24. Rf3 b6 25. Bd3 Bxd3 26. Rxd3 Rc3 27.
Rxc3 Rxc3 28. a4 g5 29. fxg5 hxg5 30. Nf3 g4 31. Ne5 f5 32. a5 bxa5 33. Rb7 a4
34. Rxa7 a3 35. Kf2 f4 36. Nxg4 d4 37. h4 d3 38. Nf6+ Kf8 39. Ne4 Rc2+ 40. Kf3
a2 41. h5 d2 42. Nf2 e5 43. h6 Kg8 44. Ke4 d1=Q 45. Nxd1 Rxg2 46. Nc3 Rh2 47.
Nd5 Rxh6 48. Rxa2 f3 49. Kxf3 e4+ 50. Kxe4 Kf7 51. Ra7+ Kg6 52. Ke5 Rh5+ 53.
Ke6 Rh1 54. Ne7+ Kg5 55. Ra5+ Kf4 56. Ng6+ Ke3 57. Kd5 Rh5+ 58. Ne5 Rh8 59.
Ra3+ Ke2 60. Nc6 Rh5+ 61. Kc4 Rh8 62. Nd4+ Kf2 63. Rf3+ Kg2 64. Rf7 Rg8 65. Kd3
Re8 66. Nf5 Ra8 67. Ke3 Ra3+ 68. Ke4 Ra4+ 69. Nd4 Ra3 70. Rg7+ Rg3 71. Ra7 Rg4+
72. Ke3 Rg3+ 73. Kf4 Rg8 74. Ra2+ Kf1 75. Nf5 Ke1 76. Ng3 Kd1 77. Ne4 Kc1 78.
Ke3 Rd8 79. Rh2 Ra8 80. Nc5 Rd8 81. Nd3+ Kb1 82. Rb2+ Ka1 83. Rb7 Ka2 84. Kd2
Ka3 85. Kc3 Rc8+ 86. Kd4 Ka2 87. Nc5 Rh8 88. Kc3 Rc8 89. Rb5 Rc7 90. Kc2 Ka3
91. Kb1 Rb7 92. Nxb7 1-0

[Event "USCL Week 9"]
[Site "Internet Chess Club"]
[Date "2014.10.22"]
[Round "?"]
[White "Zheng, Andrew"]
[Black "Krasik, Ilya"]
[Result "1-0"]
[WhiteElo "2208"]
[BlackElo "2264"]
[PlyCount "129"]
[EventDate "2014.??.??"]

1. d4 Nf6 2. c4 d6 3. Nc3 e5 4. d5 Be7 5. e4 O-O 6. Bd3 Nbd7 7. Nge2 a5 8. O-O
g6 9. Bh6 Re8 10. f3 Nh5 11. Be3 Bg5 12. Bf2 Nc5 13. Bc2 Rf8 14. a3 f5 15. b4
axb4 16. axb4 Rxa1 17. Qxa1 fxe4 18. bxc5 exf3 19. gxf3 Bh3 20. Be4 Bxf1 21.
Qxf1 Bh4 22. cxd6 cxd6 23. Qh3 Qg5+ 24. Kf1 Bxf2 25. Kxf2 Qd8 26. c5 dxc5 27.
Qe6+ Kg7 28. Qxe5+ Kh6 29. d6 Rf6 30. Nb5 b6 31. Bc6 Rf8 32. Nc7 Qh4+ 33. Kf1
Nf6 34. Ne6 Rf7 35. Qe3+ g5 36. Kg2 Kg6 37. Ng3 c4 38. Qd2 Ra7 39. Qc2+ Kf7 40.
Nf5 Qe1 41. Nxg5+ Kf8 42. Nd4 c3 43. Nde6+ Kg8 44. d7 Rxd7 45. Bxd7 Qd2+ 46.
Qxd2 cxd2 47. Ba4 b5 48. Bd1 Nd5 49. Ne4 Ne3+ 50. Kg3 Nxd1 51. Nxd2 Nc3 52. Nd4
b4 53. N2b3 Kf7 54. Kg4 Kf6 55. f4 Kg6 56. f5+ Kf6 57. Kh5 Ne4 58. Kg4 Nd6 59.
Kf4 Nc4 60. Nc5 Nd6 61. Ne4+ Nxe4 62. Kxe4 Ke7 63. Ke5 Kf7 64. Kd5 Kf6 65. Kc4
1-0

[Event "USCL Week 9"]
[Site "Internet Chess Club"]
[Date "2014.10.22"]
[Round "?"]
[White "Becerra, Julio"]
[Black "Sadorra, Julio"]
[Result "1-0"]
[WhiteElo "2626"]
[BlackElo "2685"]
[PlyCount "75"]
[EventDate "2014.??.??"]

1. e4 e6 2. d4 d5 3. Nc3 Nf6 4. Bg5 Bb4 5. e5 h6 6. Bd2 Bxc3 7. bxc3 Ne4 8. Qg4
Kf8 9. Bd3 Nxd2 10. Kxd2 c5 11. Nf3 c4 12. Be2 b5 13. Rhb1 Bd7 14. Qf4 a6 15.
g4 Nc6 16. h4 Be8 17. h5 Rb8 18. a3 Ne7 19. Rg1 Rb7 20. Nh4 Bd7 21. Rg3 Qa5 22.
g5 hxg5 23. Rxg5 Nf5 24. Nxf5 exf5 25. Rag1 Be6 26. Rxg7 Ke7 27. R1g6 Qxa3 28.
Bg4 b4 29. Rxe6+ Kf8 30. Rd6 Qxc3+ 31. Kd1 Ke8 32. e6 b3 33. exf7+ Kf8 34. Rd8+
Kxg7 35. f8=Q+ Rxf8 36. Qg5+ Kf7 37. Qxf5+ Ke7 38. Qxf8# 1-0

[Event "USCL Week 9"]
[Site "Internet Chess Club"]
[Date "2014.10.22"]
[Round "?"]
[White "Maldonado, Oscar"]
[Black "Ramachandran, Karthik"]
[Result "0-1"]
[WhiteElo "2209"]
[BlackElo "2257"]
[PlyCount "88"]
[EventDate "2014.??.??"]

1. e4 d6 2. Nf3 Nf6 3. Nc3 e5 4. d4 Nbd7 5. Be2 Be7 6. O-O O-O 7. Re1 c6 8. a4
a5 9. h3 Qc7 10. Bg5 Re8 11. Bh4 Nf8 12. Bg3 Ng6 13. dxe5 dxe5 14. Bc4 h6 15.
Qe2 Bb4 16. Nh4 Nf4 17. Bxf4 exf4 18. e5 Bxc3 19. bxc3 Nd5 20. Nf3 Nxc3 21. Qd2
Nd5 22. Bxd5 cxd5 23. Qxf4 Qxc2 24. Nd4 Qg6 25. Ra3 Qg5 26. Qh2 Qd2 27. Nf3 Qb4
28. Raa1 Bf5 29. Red1 Be4 30. Nd4 Rac8 31. Nb5 Rc2 32. Qg3 Re6 33. Qf4 Rg6 34.
g4 Qb3 35. Qh2 Ra2 36. Rac1 h5 37. Nd4 Qxa4 38. e6 fxe6 39. Qb8+ Kh7 40. f3 Qa3
41. Qf4 e5 42. Qxe5 Qe3+ 43. Kh1 Bxf3+ 44. Nxf3 Qxf3+ 0-1

[Event "USCL Week 9"]
[Site "Internet Chess Club"]
[Date "2014.10.22"]
[Round "?"]
[White "Brattain, Mika"]
[Black "Paragua, Mark"]
[Result "1/2-1/2"]
[WhiteElo "2453"]
[BlackElo "2588"]
[PlyCount "133"]
[EventDate "2014.??.??"]

1. Nf3 d5 2. d4 Nf6 3. c4 c6 4. cxd5 cxd5 5. Nc3 Nc6 6. Bf4 a6 7. Rc1 Bf5 8. e3
e6 9. Qb3 Bd6 10. Bxd6 Qxd6 11. Nh4 O-O 12. Nxf5 exf5 13. g3 Rfe8 14. Be2 f4
15. gxf4 Nxd4 16. exd4 Qxf4 17. Rc2 Rac8 18. Rd2 Ne4 19. Nxe4 Rxe4 20. Qd3 Rc4
21. Rc2 b5 22. Rxc4 bxc4 23. Qd2 Qf3 24. Rg1 Qd3 25. Qd1 Qh3 26. Qd2 h6 27. Rg3
Qxh2 28. Re3 h5 29. Bf3 Rf4 30. Ke2 Qh4 31. Re8+ Kh7 32. Re5 g6 33. Qe3 Rxd4
34. Rxd5 Rf4 35. Rd2 Qf6 36. Qc3 Qe6+ 37. Kf1 Qh3+ 38. Bg2 Qf5 39. Qe3 h4 40.
Bh3 Qf6 41. Qc3 Qxc3 42. bxc3 Rf3 43. Bc8 Rxc3 44. Bxa6 h3 45. Kg1 Rc1+ 46. Kh2
g5 47. Rd4 c3 48. Bc4 Kg7 49. Bb3 f5 50. Rc4 g4 51. a4 Kf6 52. a5 Rf1 53. Rxc3
Rxf2+ 54. Kg1 Rg2+ 55. Kh1 g3 56. Rc1 f4 57. Bd5 Rd2 58. Bb7 Ra2 59. a6 Kg5 60.
Kg1 Kh4 61. Rf1 g2 62. Rd1 Kg3 63. Rd3+ f3 64. Rxf3+ Kg4 65. Kh2 Ra1 66. Rg3+
Kf4 67. Bxg2 1/2-1/2

[Event "USCL Week 9"]
[Site "Internet Chess Club"]
[Date "2014.10.22"]
[Round "?"]
[White "Zierk, Steven"]
[Black "Kore, Akshayraj"]
[Result "1/2-1/2"]
[WhiteElo "2543"]
[BlackElo "2543"]
[PlyCount "148"]
[EventDate "2014.??.??"]

1. e4 c5 2. Nf3 d6 3. d4 cxd4 4. Nxd4 Nf6 5. Nc3 g6 6. Be3 Bg7 7. Bc4 O-O 8. f3
Nc6 9. Qd2 Bd7 10. O-O-O Rb8 11. Bb3 a6 12. h4 h5 13. g4 hxg4 14. h5 Nxh5 15.
Nxc6 bxc6 16. fxg4 Nf6 17. Rdg1 Rxb3 18. axb3 Nxg4 19. Bh6 Nxh6 20. Rxh6 Qa5
21. Kb1 Bxh6 22. Qxh6 Qe5 23. Rh1 Re8 24. Qh7+ Kf8 25. Ne2 e6 26. Rf1 Qg7 27.
Qh4 d5 28. Qf2 Re7 29. Qc5 Qe5 30. Nf4 Qxe4 31. Qd6 Be8 32. Ka2 Qf5 33. Rf2 d4
34. Nd3 Qa5+ 35. Kb1 Qd5 36. Qf4 Qh1+ 37. Ka2 e5 38. Qf6 Qh5 39. Nc5 Bd7 40.
Qd6 Bf5 41. Rxf5 Qxf5 42. Qd8+ Re8 43. Nd7+ Kg7 44. Qxe8 e4 45. Qf8+ Kh7 46.
Qd8 e3 47. Nf6+ Kh6 48. Qxd4 Qa5+ 49. Kb1 Qe1+ 50. Ka2 Qa5+ 51. Kb1 e2 52. Qe3+
Qg5 53. Ng8+ Kg7 54. Qxe2 Kxg8 55. Qe8+ Kg7 56. Qxc6 Qf6 57. Qd5 g5 58. c4 g4
59. c5 g3 60. Ka2 Qg6 61. Qg2 Qg5 62. b4 Qf4 63. c6 Kf6 64. Qe2 Qd6 65. Qxa6 g2
66. Qb6 Kg7 67. b5 Qd1 68. c7 Qa4+ 69. Kb1 Qd1+ 70. Ka2 Qa4+ 71. Kb1 Qd1+ 72.
Ka2 Qa4+ 73. Kb1 Qd1+ 74. Ka2 Qa4+ 1/2-1/2

[Event "USCL Week 9"]
[Site "Internet Chess Club"]
[Date "2014.10.22"]
[Round "?"]
[White "Serna, Jeffrey"]
[Black "White, Lawrence"]
[Result "1/2-1/2"]
[WhiteElo "2074"]
[BlackElo "2179"]
[PlyCount "148"]
[EventDate "2014.??.??"]

1. e4 c5 2. Nf3 d6 3. d4 cxd4 4. Nxd4 Nf6 5. Nc3 a6 6. Be3 e5 7. Nf3 Qc7 8. a4
b6 9. Bg5 Nbd7 10. Nd2 Bb7 11. Bc4 h6 12. Bxf6 Nxf6 13. Qe2 Be7 14. O-O O-O 15.
Rfd1 Rfd8 16. Nf1 Bf8 17. Nd5 Bxd5 18. Bxd5 Ra7 19. Ne3 Rc8 20. c3 Qb8 21. Nc2
Rc5 22. Nb4 Qc8 23. Bb3 a5 24. Nd3 Rcc7 25. Ne1 Qa8 26. Bd5 Qe8 27. Nc2 Rc5 28.
Ne3 Qb8 29. Qd3 Qc8 30. Bb3 Nh5 31. g3 Qd8 32. Nc4 Rd7 33. Na3 Qg5 34. Qf3 Nf6
35. Nb5 Qg6 36. Re1 Nh7 37. h4 Nf6 38. Rad1 Qg4 39. Qxg4 Nxg4 40. f3 Nf6 41.
Rd3 h5 42. Red1 Rc6 43. Bd5 Rc8 44. Na3 g6 45. Bc4 d5 46. Bb5 Rdd8 47. Nc2 d4
48. R3d2 Bh6 49. Rd3 Rf8 50. Na3 Rc5 51. Nc4 Rb8 52. cxd4 exd4 53. Rxd4 Rbc8
54. e5 Nh7 55. Rd8+ Nf8 56. Rxc8 Rxc8 57. f4 Ne6 58. Nxb6 Rc7 59. Nc4 Bf8 60.
Nxa5 Rc2 61. Nc4 Bc5+ 62. Kh1 Nd4 63. Rd2 Rc1+ 64. Kg2 Nf5 65. Nd6 Rg1+ 66. Kh2
Nh6 67. Ne4 Ng4+ 68. Kh3 Be3 69. Re2 Rh1+ 70. Kg2 Rg1+ 71. Kh3 Rh1+ 72. Kg2
Rg1+ 73. Kf3 Rf1+ 74. Kg2 Rg1+ 1/2-1/2